[Event "Antalya Bir"]
[Site "Antalya TUR"]
[Date "2009.12.12"]
[Round "6"]
[White "Avci,A"]
[Black "Yurtseven,M"]
[Result "0-1"]
[WhiteElo "1746"]
[BlackElo "1832"]

1.d4 Nf6 2.c4 g6 3.Nc3 Bg7 4.e4 d6 5.Nf3 O-O 6.Be2 e5 7.O-O Nc6 8.d5 Ne7
9.h3 Nd7 10.Nh2 f5 11.f3 f4 12.Bd2 h5 13.Qe1 Nc5 14.b4 Na6 15.Rb1 g5 16.Qf2 b6
17.Na4 Qe8 18.b5 Bf6 19.Rb3 Nb8 20.Nb2 Nd7 21.Nd3 Ng6 22.Kh1 Rf7 23.a4 Rh7
24.a5 g4 25.fxg4 Bh4 26.Qg1 Nf6 27.gxh5 Nxe4 28.Bxf4 Nxf4 29.Nxf4 exf4 30.Rxf4 Ng3+
31.Rxg3+ Bxg3 32.Rf3 Bxh2 33.Qxh2 Qxe2 34.Qf4 Qe1+ 35.Rf1 Qe7 36.h6 Bd7 37.Qg3+ Kh8
38.Qf4 Rg8 39.axb6 axb6 40.Ra1 Qe5 41.Qf1 Rxh6 42.Re1 Qg3 43.Re7 Bxh3 44.Qa1+ Rg7
45.Re8+ Kh7 46.Qb1+ Bf5+  0-1

[Event "ch-VIE Men Masters"]
[Site "Ho Chi Minh City VIE"]
[Date "2009.12.12"]
[Round "3"]
[White "Huynh Lam Binh Nguyen"]
[Black "Nguyen Sy Hung"]
[Result "1-0"]
[WhiteElo "2066"]
[BlackElo "2013"]

1.d4 g6 2.c4 Bg7 3.Nc3 d6 4.e4 Nf6 5.Nf3 O-O 6.Be2 e5 7.O-O Nc6 8.d5 Ne7
9.b4 Ne8 10.Nd2 f5 11.f3 a5 12.Ba3 Bh6 13.Nb3 Be3+ 14.Kh1 f4 15.bxa5 Kh8
16.Qd3 Ng8 17.Nd1 Ba7 18.c5 Ngf6 19.Nc3 Nh5 20.Kg1 Qh4 21.Nb5 Bb8 22.Rfc1 Bd7
23.Bb4 Ng3 24.Bd1 g5 25.Be1 Rf6 26.Nd2 Qh5 27.hxg3 Rh6 28.Nf1 Qh1+ 29.Kf2 c6
30.dxc6 bxc6 31.Na3 Ba7 32.Rab1 Bc8 33.Be2 Nf6 34.Rb6 Bh3 35.Bd2 Qxg2+ 36.Ke1 Qg1
37.Rxc6 Bxf1 38.Bxf1 Rh1 39.gxf4 Qg2 40.Kd1 Bxc5 41.R1xc5 Ng4 42.Rc8+ Rxc8
43.Rxc8+ Kg7  1-0

[Event "16th Open B"]
[Site "Zadar CRO"]
[Date "2009.12.16"]
[Round "5"]
[White "Ivic,Mat"]
[Black "Sevo,I"]
[Result "1-0"]
[WhiteElo "2244"]
[BlackElo "2235"]

1.d4 Nf6 2.c4 g6 3.Nc3 Bg7 4.e4 d6 5.Nf3 O-O 6.Be2 e5 7.O-O Nc6 8.d5 Ne7
9.Ne1 Ne8 10.Nd3 f5 11.Bd2 fxe4 12.Nxe4 Bf5 13.f3 c6 14.Qb3 Rb8 15.Ndf2 h6
16.Be3 c5 17.Qa3 a5 18.g4 Bxe4 19.Nxe4 g5 20.Bd3 Nf6 21.Nxd6 b6 22.Nf5 Nxf5
23.Bxf5 Ne8 24.Bc2 Nd6 25.Qd3 Qf6 26.Rae1 Rb7 27.Kg2 Bh8 28.Bd2 Re7 29.Bc3 Rfe8
30.Re2 Qf7 31.Rfe1 Bf6 32.Ba4 Rf8 33.Bxe5 Bxe5 34.Rxe5 Rxe5 35.Rxe5 Nxc4
36.Rf5 Nxb2 37.Qe2 Qg7 38.Rxf8+  1-0

[Event "9th Amplico Life Rapid"]
[Site "Warsaw POL"]
[Date "2009.12.19"]
[Round "4"]
[White "Fridman,D2"]
[Black "Szelag,M"]
[Result "0-1"]
[WhiteElo "2649"]
[BlackElo "2456"]

1.d4 Nf6 2.c4 g6 3.Nc3 Bg7 4.e4 d6 5.Nf3 O-O 6.Be2 e5 7.O-O Nc6 8.d5 Ne7
9.Ne1 Nd7 10.Nd3 f5 11.f3 f4 12.Bd2 g5 13.Rc1 Ng6 14.c5 Nf6 15.Nb5 Rf7 16.Ba5 b6
17.cxd6 bxa5 18.dxc7 Qf8 19.Nc5 a6 20.Ne6 Qb4 21.a3 Qxb2 22.Rb1 Qa2 23.Nc3 Qxa3
24.Rb8 Bf8 25.Rxa8 Bxe6 26.dxe6 Rxc7 27.Nd5 Nxd5 28.exd5 Kg7 29.Kh1 Bd6 30.Bd3 Ne7
31.Be4 Rc3 32.Rxa6 Qb4 33.Qa1 Ra3 34.Qe1 Qc5 35.h4 g4 36.Qc1 Rc3 37.Qb2 Qc4
38.Rb1 Ba3 39.Qa1 gxf3 40.gxf3 Kf6 41.Rxa5 Bc1 42.Qa2 Qf1+ 43.Kh2 Re3 44.Rxc1 Re2+
45.Qxe2 Qxe2+ 46.Kh1 Nf5 47.Raa1 Ng3+ 48.Kg1 Qe3+ 49.Kg2 Nxe4 50.fxe4 Qxe4+
51.Kg1 Qe3+ 52.Kf1 f3 53.Re1 Qd2  0-1

[Event "9th Amplico Life Rapid"]
[Site "Warsaw POL"]
[Date "2009.12.19"]
[Round "8"]
[White "Miton,K"]
[Black "Socko,B"]
[Result "1/2-1/2"]
[WhiteElo "2586"]
[BlackElo "2643"]

1.d4 Nf6 2.c4 g6 3.Nc3 Bg7 4.e4 d6 5.Nf3 O-O 6.Be2 e5 7.O-O Nc6 8.d5 Ne7
9.Ne1 Nd7 10.Be3 f5 11.f3 f4 12.Bf2 g5 13.Rc1 Rf6 14.c5 a6 15.cxd6 cxd6 16.Nd3 Rh6
17.Na4 Qe8 18.Kh1 b5 19.Nc3 Nf6 20.Nb4 Bd7 21.a3 Qh5 22.Bg1 Qf7 23.Bf2 Kh8
24.Nc6 Nxc6 25.dxc6 Bxc6 26.Na4 Be8 27.Nb6 Rd8 28.Rc8 Qe7 29.Nd5 Nxd5 30.Rxd8 Qxd8
31.Qxd5 Qc8 32.Qd2 Rf6 33.Rc1 Qe6 34.Qa5 d5 35.exd5 Qxd5 36.Bg1 Rc6 37.Rxc6 Qxc6
38.Qd8 Bf6 39.Qb8 Kg7 40.Bd3 Bg6 41.Qa7+ Kh6 42.Bxg6 Kxg6 43.Qb8 e4 44.Qg8+ Kh6
45.fxe4 Qxe4 46.Qf8+ Kg6 47.Qg8+ Bg7 48.Qb3 g4 49.h3 f3 50.hxg4 fxg2+ 51.Kh2 Be5+
52.Kh3 Bg7 53.Qg8 h6 54.b4 Qf3+ 55.Kh4 Qd3 56.Bc5 Qb1 57.Qe8+ Kh7 58.Qe3 Bf6+
59.Kg3 Qc2 60.Kh3 Kg7 61.Kg3 Kf7 62.Kh3 Kg7 63.Kg3 Kg6 64.Kh3 Qc3 65.Kxg2 Qxe3
66.Bxe3 Bb2 67.Kf3 Bxa3 68.Bd2 Bb2 69.Ke4 Bf6 70.Kd5 Bg5 71.Bc3 Bf4 72.Kc6 Kg5
73.Bg7 Be3 74.Kb7 a5 75.bxa5 b4 76.Kc6 Kxg4 77.Kb5 b3 78.Kc4 h5 79.Kxb3 Kf5
80.a6 h4 81.Bf8 Ke6 82.Bh6 h3 83.Bf4 Kd7 84.Bh2 Kc6 85.Kc2 Ba7 86.Kd3 Kb6
87.Ke4 Kxa6 88.Kf3 Kb7 89.Kg4 Bb8 90.Bxb8 Kxb8 91.Kxh3  1/2-1/2

[Event "9th Amplico Life Rapid"]
[Site "Warsaw POL"]
[Date "2009.12.20"]
[Round "9"]
[White "Schmidt,Wl"]
[Black "Dziuba,M"]
[Result "0-1"]
[WhiteElo "2395"]
[BlackElo "2573"]

1.c4 Nf6 2.Nc3 g6 3.e4 d6 4.d4 Bg7 5.Nf3 O-O 6.Be2 e5 7.O-O Nc6 8.d5 Ne7
9.b4 Nh5 10.Re1 a5 11.Ba3 Nf4 12.Bf1 Bg4 13.h3 Bxf3 14.Qxf3 axb4 15.Bxb4 c5
16.dxc6 Nxc6 17.Rab1 Ne6 18.Qd1 Nxb4 19.Rxb4 Nc5 20.Qb1 f5 21.exf5 gxf5 22.Rd1 e4
23.Qc2 Be5 24.Rbb1 Kh8 25.Nd5 Rg8 26.Qd2 Qh4 27.Kh1 Ra3 28.Re1 e3 29.Rxe3 Ne4
30.Rxe4 Rxh3+ 31.gxh3 Qxe4+ 32.f3 Qxb1 33.Qe2 Ra8  0-1

[Event "Christamas Open Masters"]
[Site "Zurich SUI"]
[Date "2009.12.26"]
[Round "1"]
[White "Pavlovic,Milos"]
[Black "Potterat,M"]
[Result "1-0"]
[WhiteElo "2539"]
[BlackElo "2155"]

1.Nf3 Nf6 2.c4 g6 3.Nc3 Bg7 4.e4 d6 5.d4 O-O 6.Be2 e5 7.O-O Nc6 8.d5 Ne7
9.Qc2 Nh5 10.Be3 f5 11.exf5 Bxf5 12.Qd2 Qd7 13.c5 Bg4 14.Ng5 Nf4 15.f3 h6
16.fxg4 hxg5 17.g3 Nxe2+ 18.Qxe2 e4 19.Bxg5 Bxc3 20.bxc3 Nxd5 21.Qxe4 c6
22.c4 Nc3 23.Qxg6+ Qg7 24.Qe6+ Kh7 25.Bf6 Qg6 26.Rae1  1-0

[Event "18th Donau Open"]
[Site "Aschach AUT"]
[Date "2009.12.27"]
[Round "2"]
[White "Raber,F"]
[Black "Studnicka,Toma"]
[Result "0-1"]
[WhiteElo "2114"]
[BlackElo "2320"]

1.d4 Nf6 2.c4 g6 3.Nc3 Bg7 4.e4 d6 5.Nf3 O-O 6.Be2 e5 7.O-O Nc6 8.d5 Ne7
9.Ne1 Ne8 10.Be3 f5 11.f3 c5 12.Nd3 f4 13.Bf2 Rf7 14.b4 b6 15.bxc5 bxc5 16.Nxc5 dxc5
17.Bxc5 Qa5 18.Bf2 Qxc3 19.Qa4 Nf6 20.Rab1 Bd7 21.Qa6 Qc2 22.c5 Bc8 23.Qc4 Qxc4
24.Bxc4 Kf8 25.c6 Ke8 26.c7 Nexd5 27.Rb8 Nxc7  0-1

[Event "Schachtuerken-Cup A"]
[Site "Paderborn GER"]
[Date "2009.12.27"]
[Round "2"]
[White "Schwarzenberg,J"]
[Black "Schebler,G"]
[Result "1/2-1/2"]
[WhiteElo "2112"]
[BlackElo "2486"]

1.d4 Nf6 2.c4 g6 3.Nc3 Bg7 4.e4 d6 5.Nf3 O-O 6.Be2 e5 7.O-O Nc6 8.d5 Ne7
9.Ne1 Nd7 10.Bd2 f5 11.Nd3 Kh8 12.f3 Nf6 13.c5 c6 14.cxd6 Qxd6 15.dxc6 Nxc6
16.Nf2 Be6 17.exf5 gxf5 18.Be3 Qe7 19.Qa4 a6 20.Rfd1 f4 21.Bb6 Nd7 22.Bc7 Nd4
23.Rxd4 exd4 24.Nce4 Nc5 25.Qa5 Nxe4 26.Nxe4 Rf5 27.Qb6 Rc8 28.Bd6 Qd7 29.Bd3 Bc4
30.Bxc4 Rxc4 31.Nc5 Rfxc5 32.Bxc5 d3 33.Qd6 Qc8 34.Bb4 Rd4 35.Qe7 Rd7 36.Qe4 Qd8
37.Rd1 Bxb2 38.Bd2 Rf7 39.Bxf4 Re7 40.Qc4 b5 41.Qb4 Bg7 42.Bg5 Qb6+ 43.Kh1 Rd7
44.Qe4 Qb8 45.Rxd3 Rxd3 46.Qxd3 h6 47.Qd8+ Qxd8 48.Bxd8 Bc3 49.Kg1 a5 50.Kf1 a4
51.Ke2 Be5 52.g3 b4 53.Be7 b3 54.axb3 axb3 55.Kd2 Kh7 56.Bb4 h5 57.Bc3 b2
58.Bxb2 Bxb2 59.h4  1/2-1/2

[Event "Pan-American Intercollegiate"]
[Site "South Padre Island USA"]
[Date "2009.12.28"]
[Round "3"]
[White "Liu,E"]
[Black "Xu,H"]
[Result "1-0"]
[WhiteElo "2287"]
[BlackElo "1840"]

1.d4 Nf6 2.Nf3 g6 3.c4 Bg7 4.Nc3 O-O 5.e4 d6 6.Be2 e5 7.O-O Nc6 8.d5 Ne7
9.Ne1 Nd7 10.Nd3 f5 11.f3 f4 12.b4 g5 13.c5 Nf6 14.a4 Ng6 15.b5 Rf7 16.c6 b6
17.a5 h5 18.Nf2 Bf8 19.h3 Rg7 20.axb6 cxb6 21.Ra3 Nh4 22.Na4 Qc7 23.Bd2 Rg6
24.Bb4 Qg7 25.Be1 Nxg2 26.Kxg2 g4 27.fxg4 hxg4 28.hxg4 Nxg4 29.Nxg4 Be7 30.Rg1 Bxg4
31.Bxg4 Rf8 32.Kf1 f3 33.Rxf3 Rxf3+ 34.Qxf3  1-0

[Event "Christamas Open Masters"]
[Site "Zurich SUI"]
[Date "2009.12.28"]
[Round "4"]
[White "Rosenthal,Jon"]
[Black "Gloor,R"]
[Result "1-0"]
[WhiteElo "2279"]
[BlackElo "2101"]

1.d4 Nf6 2.c4 g6 3.Nc3 Bg7 4.e4 d6 5.Nf3 O-O 6.Be2 e5 7.O-O Nc6 8.d5 Ne7
9.Ne1 Nd7 10.Nd3 f5 11.Bd2 Kh8 12.Rc1 c5 13.Rb1 Nf6 14.f3 f4 15.b4 b6 16.bxc5 bxc5
17.g4 Bd7 18.h4 Nc8 19.Rf2 Nb6 20.Nc1 Ne8 21.Rh2 h5 22.g5 Rf7 23.Bf1 Rb8
24.Be1 Nc7 25.Rhb2 Nca8 26.a4 Be8 27.a5 Nd7 28.Nb5 Bf8 29.Nxa7 Rxb2 30.Rxb2 Nb8
31.Nb5 Rb7 32.Nd3 Na6 33.Qb1 Qb8 34.Bh3 Kh7 35.Bc3 Bg7 36.Kh2 Qd8 37.Na3 Rxb2+
38.Qxb2 Qc7 39.Nb5 Qe7 40.Bc8 N6c7 41.Nxc7 Nxc7 42.Qb7 Qd8 43.a6 Bd7 44.Bxd7 Qxd7
45.Nb2  1-0

[Event "Pan-American Intercollegiate"]
[Site "South Padre Island USA"]
[Date "2009.12.29"]
[Round "5"]
[White "Aradhyula,V"]
[Black "Bryant,J"]
[Result "0-1"]
[WhiteElo "2172"]
[BlackElo "2359"]

1.d4 Nf6 2.c4 g6 3.Nc3 Bg7 4.e4 d6 5.Nf3 O-O 6.Be2 e5 7.O-O Nc6 8.dxe5 dxe5
9.Bg5 Qe8 10.Nd5 Nxd5 11.cxd5 Nd4 12.Rc1 c6 13.dxc6 bxc6 14.Be3 Be6 15.Bxd4 exd4
16.Qa4 c5 17.Qa3 Qc6 18.e5 Rfd8 19.Rxc5 Qb6 20.Rb5 Qc7 21.Rd1 Bf8 22.Qa5 Qc2
23.Qd2 Bf5 24.Qxc2 Bxc2 25.Rxd4 Rdc8 26.h3 Bf5 27.Bc4 Rc7 28.Ng5 Rac8 29.Bb3 Bc5
30.Rf4 Rf8 31.Nxf7 Kg7 32.Ng5 h6 33.Nf3 g5 34.Rc4 Rfc8 35.Nd4 Bd7 36.Ra5 Kf8
37.Ba4 Bb6 38.Rxc7 Rxc7 39.Rd5 Rc1+ 40.Kh2 Bxa4 41.Nf5 Bc6 42.Rd6 Bc7 43.Rf6+ Ke8
44.Ng7+ Kd7 45.f4 gxf4 46.e6+ Kc8 47.e7 f3+ 48.g3 Rc2+ 49.Kg1 f2+ 50.Rxf2 Rc1+
51.Rf1 Bb6+ 52.Kh2 Rc2+ 53.Rf2 Rxf2+  0-1

[Event "Christamas Open Masters"]
[Site "Zurich SUI"]
[Date "2009.12.29"]
[Round "5"]
[White "Vogelbacher,G"]
[Black "Nemcova,Kat"]
[Result "0-1"]
[WhiteElo "2120"]
[BlackElo "2258"]

1.d4 Nf6 2.c4 g6 3.Nc3 Bg7 4.e4 d6 5.Nf3 O-O 6.Be2 e5 7.O-O Nc6 8.d5 Ne7
9.Ne1 Nd7 10.Nd3 f5 11.Bd2 Kh8 12.Rc1 c5 13.dxc6 bxc6 14.Bg5 h6 15.Bxe7 Qxe7
16.c5 dxc5 17.Na4 fxe4 18.Ndxc5 Nf6 19.Ba6 Bf5 20.Qe2 Rab8 21.h3 Nh5 22.Nxe4 Nf4
23.Qe3 Qh4 24.g3 Nxh3+ 25.Kg2 Bxe4+ 26.f3 Bxf3+ 27.Rxf3 Qxa4 28.Rxf8+ Rxf8
29.Bd3 Qg4 30.Be2 Nf4+  0-1

[Event "Christamas Open Masters"]
[Site "Zurich SUI"]
[Date "2009.12.30"]
[Round "7"]
[White "Buhmann,R"]
[Black "Schiendorfer,E"]
[Result "1-0"]
[WhiteElo "2603"]
[BlackElo "2311"]

1.Nf3 Nf6 2.c4 g6 3.Nc3 Bg7 4.e4 d6 5.d4 O-O 6.Be2 e5 7.O-O Nc6 8.d5 Ne7
9.b4 a5 10.bxa5 c5 11.a4 Rxa5 12.Ra3 Ra6 13.Nd2 Nd7 14.Nb5 f5 15.exf5 gxf5
16.f4 Ng6 17.fxe5 Ndxe5 18.Nf3 Nxf3+ 19.Raxf3 Be5 20.Bd3 Ra8 21.Qc2 Qh4 22.g3 Qe7
23.Bxf5 Bxf5 24.Rxf5 Rxf5 25.Qxf5 Re8 26.Bh6 Ra8 27.Bg5 Qg7 28.Qe6+ Kh8 29.Nxd6  1-0

[Event "85th Masters"]
[Site "Hastings ENG"]
[Date "2009.12.31"]
[Round "4"]
[White "Anderson,J"]
[Black "Doran,C"]
[Result "1-0"]
[WhiteElo "2209"]
[BlackElo "1963"]

1.d4 Nf6 2.Nf3 g6 3.c4 Bg7 4.Nc3 O-O 5.e4 d6 6.Be2 e5 7.O-O Nc6 8.d5 Ne7
9.Ne1 Nd7 10.Nd3 f5 11.Bd2 f4 12.Bg4 Rf6 13.Rc1 h5 14.Be6+ Rxe6 15.dxe6 Nf8
16.c5 Nxe6 17.cxd6 cxd6 18.f3 Nd4 19.Ne2 Nec6 20.Nxd4 Nxd4 21.Bc3 Nc6 22.Qb3+ Kh7
23.Rfd1 Qg5 24.Kh1 h4 25.Nf2 h3 26.gxh3 Qh5 27.Kg2 d5 28.Qxd5 Nd8 29.Qxd8 Bxh3+
30.Nxh3 Rxd8 31.Rxd8 g5 32.Nf2 Qg6 33.Rcd1  1-0

[Event "85th Masters"]
[Site "Hastings ENG"]
[Date "2009.12.31"]
[Round "4"]
[White "Nilsen,Jo"]
[Black "Bates,Ri"]
[Result "1/2-1/2"]
[WhiteElo "2126"]
[BlackElo "2383"]

1.d4 Nf6 2.c4 g6 3.Nc3 Bg7 4.e4 d6 5.Be2 O-O 6.Nf3 e5 7.O-O Nc6 8.d5 Ne7
9.b4 Kh8 10.c5 Neg8 11.Nd2 Ne8 12.Nc4 f5 13.cxd6 cxd6 14.b5 Nh6 15.a4 f4
16.a5 g5 17.f3 Rf6 18.g4 fxg3 19.hxg3 Nf7 20.Kg2 h5 21.Rh1 Rh6 22.Bd2 Nf6
23.Ne3 Rh7 24.Ra4  1/2-1/2

[Event "85th Masters"]
[Site "Hastings ENG"]
[Date "2010.01.01"]
[Round "5"]
[White "Almond,R"]
[Black "Kirk,Ez"]
[Result "1-0"]
[WhiteElo "2174"]
[BlackElo "1919"]

1.d4 Nf6 2.c4 g6 3.Nc3 Bg7 4.e4 d6 5.Nf3 O-O 6.Be2 e5 7.O-O Nc6 8.d5 Ne7
9.Ne1 Nd7 10.f3 f5 11.g4 Kh8 12.h4 Ng8 13.g5 f4 14.Kg2 a5 15.Nd3 b6 16.Bd2 Nc5
17.b3 Bd7 18.a3 Ne7 19.Kf2 c6 20.Nb2 cxd5 21.cxd5 b5 22.Ke1 Qb6 23.Rb1 Bh3
24.Rf2 Bd7 25.a4 b4 26.Nb5 Bxb5 27.Bxb5 Rac8 28.Kf1 Qd8 29.Be1 Rf7 30.Nc4 Rb8
31.Rc2 Nc8 32.Bf2 Bf8 33.Bxc5 dxc5 34.Nxe5 Re7 35.Nc6 Qd7 36.Nxb8 Qh3+ 37.Rg2 Nd6
38.Bd3 Qh1+ 39.Kf2 Qxh4+ 40.Kg1 Bg7 41.Nc6 Nf7 42.Rg4 Qh5 43.Kg2 Ne5 44.Nxe5  1-0

[Event "Meister Open"]
[Site "Basel SUI"]
[Date "2010.01.02"]
[Round "2"]
[White "Pelletier,Y"]
[Black "Dann,M"]
[Result "1/2-1/2"]
[WhiteElo "2602"]
[BlackElo "2320"]

1.Nf3 Nf6 2.c4 g6 3.Nc3 Bg7 4.d4 d6 5.e4 O-O 6.Be2 e5 7.O-O Nc6 8.d5 Ne7
9.Ne1 Nd7 10.Nd3 f5 11.Bd2 Nf6 12.f3 h5 13.Rc1 f4 14.c5 g5 15.Nb5 Ng6 16.cxd6 cxd6
17.Nc7 Rb8 18.Nf2 g4 19.fxg4 hxg4 20.Bxg4 Nxg4 21.Nxg4 Rf7 22.Ne6 Qb6+ 23.Rf2 Nf8
24.Nxg7 Bxg4 25.Qxg4 Rxg7 26.Qf3 Nh7 27.Qh3 Ng5 28.Rc8+ Rxc8 29.Qxc8+ Kh7
30.Kf1 Qd4 31.Qf5+ Kg8 32.Qc8+ Kh7 33.Qf5+ Kg8  1/2-1/2

[Event "22nd Open"]
[Site "Staufer GER"]
[Date "2010.01.02"]
[Round "3"]
[White "Templin,K"]
[Black "Maeurer,C"]
[Result "0-1"]
[WhiteElo "2022"]
[BlackElo "2310"]

1.d4 Nf6 2.c4 g6 3.Nc3 Bg7 4.e4 d6 5.Be2 O-O 6.Nf3 e5 7.O-O Nc6 8.d5 Ne7
9.Ne1 Nd7 10.Nd3 f5 11.f3 Kh8 12.Bd2 Nf6 13.b4 h5 14.a4 f4 15.c5 Neg8 16.Rc1 Ne8
17.Nf2 Nh6 18.Qc2 g5 19.cxd6 cxd6 20.Nb5 Bd7 21.h3 Bf6 22.Qb3 Qb8 23.Na3 Bd8
24.b5 Bb6 25.Nc4 Bd4 26.Bc3 Bxc3 27.Rxc3 Qd8 28.b6 a5 29.Rfc1 Rg8 30.Qa3 Rg6
31.Qb3 g4 32.hxg4 Qg5 33.Nd2 Nf6 34.Rc7 Rag8 35.Rxd7 Nxd7 36.Rc7 Nc5 37.Qc2 Qh4
38.Nc4 hxg4 39.Nxe5 dxe5 40.Qxc5 gxf3 41.Bxf3 Ng4 42.Bxg4 Rxg4 43.Nxg4 Qxg4
44.Qc2 f3  0-1

[Event "ch-AUS"]
[Site "Sydney AUS"]
[Date "2010.01.02"]
[Round "1"]
[White "Rej,T"]
[Black "Lazarus,Be"]
[Result "1-0"]
[WhiteElo "2364"]
[BlackElo "2162"]

1.d4 Nf6 2.c4 g6 3.Nc3 Bg7 4.e4 d6 5.Nf3 O-O 6.Be2 e5 7.O-O Nc6 8.d5 Ne7
9.b4 Nh5 10.Re1 f5 11.c5 fxe4 12.Ng5 Nf4 13.Ngxe4 Nf5 14.Bf1 Nd4 15.Be3 Bf5
16.Rc1 Kh8 17.cxd6 cxd6 18.Ng3 Qh4 19.f3 Rac8 20.Bf2 Qd8 21.Kh1 h5 22.Nxf5 gxf5
23.g3 Rxc3 24.Rxc3 Nxd5 25.Rc1 f4 26.Bh3 Nxb4 27.Bxd4 exd4 28.Qb3 Na6 29.Qd5 Qf6
30.Rc8 fxg3 31.Rxf8+ Bxf8 32.Qxh5+ Qh6 33.Qf7 Nc7 34.Re2 d3 35.Rg2 d2 36.Rxd2 Bg7
37.Qxc7 Qxh3 38.Rg2 Be5 39.Qb8+ Kg7 40.Qxb7+ Kf6 41.f4 Bxf4 42.Qb3 Kg5 43.Kg1 Qf5
44.Qd1 Kf6 45.Qd4+ Ke6 46.hxg3 Qb1+ 47.Kf2 Be5 48.Qc4+ Kf6 49.Kf3 Qd1+ 50.Qe2 Qh1
51.Ke3 Qc1+ 52.Qd2 Qc5+ 53.Ke2 Qc4+ 54.Qd3 Qxa2+ 55.Kf3 Qg8 56.g4 Qh8 57.Ke2 Kg5
58.Qf5+ Kh4 59.Qf2+ Kg5 60.Qf5+ Kh4 61.Rg1 Bh2 62.Rh1 Qb2+ 63.Kf1 Kg3 64.Qd3+ Kxg4
65.Qe4+ Kg3 66.Qg6+ Kf3 67.Qh5+ Kg3 68.Qg6+ Kf3 69.Qd3+ Kg4 70.Qd1+ Kg5 71.Qf3 Qc1+
72.Kg2 Qd2+ 73.Kh3 Bf4 74.Rg1+ Kf6 75.Kg4 Ke5 76.Rg2 Qd4 77.Re2+ Be3+ 78.Kh3  1-0

[Event "85th Masters"]
[Site "Hastings ENG"]
[Date "2010.01.03"]
[Round "7"]
[White "Nilsen,Jo"]
[Black "Eames,R"]
[Result "0-1"]
[WhiteElo "2126"]
[BlackElo "2276"]

1.d4 Nf6 2.c4 g6 3.Nc3 Bg7 4.e4 d6 5.Be2 O-O 6.Nf3 e5 7.O-O Nc6 8.d5 Ne7
9.b4 Nh5 10.Re1 a5 11.bxa5 Rxa5 12.a4 h6 13.Nd2 Nf4 14.Bf1 c5 15.Nb3 Ra6
16.a5 Bd7 17.Na4 f5 18.g3 Nh5 19.Nb6 Be8 20.Bg2 Nf6 21.exf5 gxf5 22.f4 e4
23.Bb2 h5 24.Na4 h4 25.Naxc5 dxc5 26.Nxc5 hxg3 27.hxg3 Qc8 28.Nxa6 bxa6 29.Bf1 Bh5
30.Qd2 Bf3 31.Rac1 Qe8 32.Bg2 Qh5 33.Bxf3 Qxf3 34.Qg2 Qd3 35.Be5 Qa3 36.Bb2 Qc5+
37.Kf1 Ng4 38.Bxg7 Kxg7 39.Qb2+ Kf7 40.Qb6 Qa3 41.Qe6+ Ke8 42.Qc8+ Nxc8  0-1

[Event "85th Masters"]
[Site "Hastings ENG"]
[Date "2010.01.03"]
[Round "7"]
[White "Kjartansson,G"]
[Black "Hebden,M"]
[Result "0-1"]
[WhiteElo "2391"]
[BlackElo "2522"]

1.c4 g6 2.Nc3 Bg7 3.d4 Nf6 4.e4 d6 5.Nf3 O-O 6.Be2 e5 7.O-O Nc6 8.d5 Ne7
9.b4 Ne8 10.c5 h6 11.a4 f5 12.Nd2 g5 13.Ba3 Ng6 14.Re1 Nf6 15.b5 Rf7 16.cxd6 cxd6
17.Nc4 Bf8 18.exf5 Bxf5 19.Ne3 Bd7 20.g3 Rc8 21.Bb4 e4 22.Qb1 Ne5 23.Nxe4 Nxe4
24.Qxe4 Qf6 25.Rf1 Bh3 26.f4 gxf4 27.gxf4 Nd7 28.Ng2 Re7 29.Qd3 Bf5 30.Qd1 Qb2
31.Bd2 Rc2 32.Rb1 Qd4+ 33.Be3 Qxd1  0-1

[Event "22nd Open"]
[Site "Staufer GER"]
[Date "2010.01.04"]
[Round "6"]
[White "Maeurer,C"]
[Black "Koenig,Dir1"]
[Result "1-0"]
[WhiteElo "2310"]
[BlackElo "2106"]

1.Nf3 d6 2.d4 g6 3.c4 Bg7 4.Nc3 Nf6 5.e4 O-O 6.Be2 e5 7.O-O Nc6 8.d5 Ne7
9.Ne1 Ne8 10.Be3 f5 11.f3 f4 12.Bf2 g5 13.c5 Rf7 14.a4 a5 15.cxd6 cxd6 16.Qb3 Ng6
17.Bb6 Qe7 18.Nb5 g4 19.fxg4 Nf6 20.Nc7 Rb8 21.Ne6 Nxe4 22.Nf3 Bxe6 23.dxe6 Rff8
24.Rac1 Rfc8 25.Bd3 d5 26.g5 Nc5 27.Qxd5 Nxd3 28.Qxd3 Qxe6 29.Qb5 Rxc1 30.Rxc1 Rc8
31.Rxc8+ Qxc8 32.Qd5+ Kh8 33.h4 Ne7 34.Qf7 Nc6 35.h5 e4 36.h6 Bxb2 37.Nd4  1-0

[Event "Meister Open"]
[Site "Basel SUI"]
[Date "2010.01.05"]
[Round "7"]
[White "Lutz,B"]
[Black "Arounopoulos,S"]
[Result "1/2-1/2"]
[WhiteElo "2301"]
[BlackElo "2135"]

1.d4 Nf6 2.Nf3 g6 3.c4 Bg7 4.Nc3 d6 5.e4 O-O 6.Be2 e5 7.O-O Nc6 8.d5 Ne7
9.Ne1 Nd7 10.Be3 f5 11.f3 f4 12.Bf2 g5 13.Rc1 Rf6 14.c5 Nxc5 15.b4 Na6 16.Nb5 Rh6
17.Nxa7 Bd7 18.Bxa6 bxa6 19.Qc2 g4 20.Qxc7 Qe8 21.fxg4 Bxg4 22.Bb6 Qh5 23.Nf3 Bxf3  1/2-1/2

[Event "22nd Open"]
[Site "Staufer GER"]
[Date "2010.01.05"]
[Round "9"]
[White "Maeurer,C"]
[Black "Schoenberger,P"]
[Result "1/2-1/2"]
[WhiteElo "2310"]
[BlackElo "2157"]

1.Nf3 Nf6 2.c4 g6 3.Nc3 Bg7 4.e4 d6 5.d4 O-O 6.Be2 e5 7.O-O Nc6 8.d5 Ne7
9.Ne1 Ne8 10.Be3 f5 11.f3 f4 12.Bf2 g5 13.c5 h5 14.a4 Rf6 15.cxd6 cxd6 16.a5 Rg6
17.Nb5 Bd7 18.Nxa7 Nc8 19.Nxc8 Bxc8 20.Bb6 Qe7 21.Rc1 g4 22.Qd2 Bf8 23.Bd1 Bd7
24.Nd3 Qh4 25.Rc2 Rc8 26.Rxc8 Bxc8 27.Ba4 gxf3 28.Rxf3 Nf6 29.Qf2 Qg5 30.Bd8 Bg4
31.Ne1 Bxf3 32.Nxf3 Qg4 33.h3 Qc8 34.Bxf6 Rxf6 35.Qh4 Rg6 36.Kh2 Rg7 37.Qxh5 Qc1
38.Ng5 f3 39.Bd7 Rxg5 40.Be6+ Kg7 41.Qf7+ Kh6 42.Qxf8+ Rg7 43.Qf6+ Rg6 44.Qh4+ Kg7
45.Qe7+ Kh6 46.Qh4+ Kg7 47.Qe7+ Kh6  1/2-1/2

[Event "XXXV Open"]
[Site "Seville ESP"]
[Date "2010.01.09"]
[Round "2"]
[White "Pogorelov,R"]
[Black "Guidi,Mau"]
[Result "1-0"]
[WhiteElo "2474"]
[BlackElo "2042"]

1.Nf3 Nf6 2.c4 g6 3.Nc3 Bg7 4.e4 d6 5.d4 O-O 6.Be2 e5 7.O-O Nc6 8.d5 Ne7
9.Ne1 Nd7 10.Be3 f5 11.f3 f4 12.Bf2 g5 13.a4 h5 14.a5 a6 15.b4 Nf6 16.c5 g4
17.cxd6 cxd6 18.Na4 Qe8 19.Nb6 Rb8 20.Nxc8 Rxc8 21.Bh4 Qg6 22.fxg4 hxg4 23.Bxf6 Rxf6
24.Bxg4 Rc4 25.Bf3 Rxb4 26.Rb1 Rb5 27.Rxb5 axb5 28.Qb3 Qe8 29.Nd3 Rh6 30.Rb1 Ng6
31.Qxb5 Qe7 32.Qxb7 Qh4 33.Qc8+ Bf8 34.h3 Qf6 35.a6 Nh4 36.Qe6+  1-0

[Event "XXXV Open"]
[Site "Seville ESP"]
[Date "2010.01.11"]
[Round "4"]
[White "Razmyslov,A"]
[Black "Vazquez Igarza,R"]
[Result "0-1"]
[WhiteElo "2431"]
[BlackElo "2560"]

1.d4 Nf6 2.c4 g6 3.Nc3 Bg7 4.e4 d6 5.Nf3 O-O 6.Be2 e5 7.O-O Nc6 8.Be3 Ng4
9.Bg5 f6 10.Bc1 f5 11.d5 Ne7 12.Ng5 Nf6 13.exf5 gxf5 14.f4 Ng6 15.fxe5 dxe5
16.c5 Kh8 17.Bc4 h6 18.Ne6 Bxe6 19.dxe6 Qe7 20.Na4 Rad8 21.Qe2 Nd5 22.Bxd5 Rxd5
23.Qh5 Kh7 24.c6 bxc6 25.Nc3 Rdd8 26.Be3 Qxe6 27.Rae1 e4 28.Bc5 Rf7 29.g4 Bxc3
30.bxc3 Rd5  0-1

[Event "8th Parsvnath Open"]
[Site "New Delhi IND"]
[Date "2010.01.14"]
[Round "1"]
[White "Lalith,B"]
[Black "Jishore,V"]
[Result "1-0"]
[WhiteElo "2457"]
[BlackElo "1837"]

1.Nf3 Nf6 2.c4 g6 3.Nc3 Bg7 4.e4 d6 5.d4 O-O 6.Be2 e5 7.O-O Nc6 8.d5 Ne7
9.b4 Nd7 10.Ba3 f5 11.Ng5 Nf6 12.Bf3 h6 13.Ne6 Bxe6 14.dxe6 f4 15.c5 dxc5
16.bxc5 Qxd1 17.Rfxd1 Rfd8 18.Rxd8+ Rxd8 19.Rb1 Rd3 20.Bb2 b6 21.Nb5 Ne8
22.Nxa7 bxc5 23.Be2 Rd2 24.Kf1 Rd8 25.Ba3 Nd6 26.Bxc5 Bf8 27.f3 Kg7 28.Nb5 Nxb5
29.Bxb5 Rb8 30.a4 Nc6 31.Rc1 Bxc5 32.Rxc5 Nd4 33.e7 c6 34.Rxc6 Nxb5 35.axb5 Kf7
36.b6 Kxe7 37.Rxg6 h5 38.Ke2 Kf7 39.Rh6 h4 40.Kd3 Kg7 41.Rd6 Kf7 42.Kc4 Ke7
43.Kd5 Rg8 44.b7 h3 45.gxh3 Rb8 46.Rh6  1-0

[Event "8th Parsvnath Open"]
[Site "New Delhi IND"]
[Date "2010.01.15"]
[Round "3"]
[White "Lalith,B"]
[Black "Tiwari,Ar"]
[Result "1/2-1/2"]
[WhiteElo "2457"]
[BlackElo "2295"]

1.Nf3 Nf6 2.c4 g6 3.Nc3 Bg7 4.e4 d6 5.d4 O-O 6.Be2 e5 7.O-O Nc6 8.d5 Ne7
9.b4 Nh5 10.Re1 Kh8 11.Nd2 Nf4 12.Bf1 f5 13.a4 g5 14.exf5 Nxf5 15.Nde4 g4
16.Ra3 Qh4 17.Nb5 Qd8 18.Nbc3 c6 19.dxc6 bxc6 20.Ne2 Ne6 21.Rd3 Nfd4 22.Nxd4 exd4
23.Be2 a5 24.Bxg4 axb4 25.Bxe6 Bxe6 26.Rxd4 d5 27.cxd5 Bxd5 28.Rxb4 Qe7 29.Bd2 c5
30.Ng5 Qd7 31.Rh4 Bg8 32.Nf3 Rad8 33.Qc1 Rxf3 34.Ba5 Rf5 35.Bxd8 Qxd8 36.Qc2 Rf8
37.Qe4 Bd4 38.Rf4 Rxf4 39.Qxf4 Qa5 40.Re4 Qxa4 41.h4 Qa2 42.h5 Qd5 43.h6 Bc3
44.Re3 Qd1+ 45.Kh2 Qh5+ 46.Kg1 Qd1+ 47.Kh2 Qh5+ 48.Kg3 Bd4 49.Re1 Bc3 50.Re4 Qg6+
51.Kh2 Qh5+ 52.Kg1 Qd1+ 53.Kh2 Qh5+ 54.Kg1 Qd1+ 55.Kh2  1/2-1/2

[Event "8th Parsvnath Open"]
[Site "New Delhi IND"]
[Date "2010.01.15"]
[Round "3"]
[White "Laxman,R"]
[Black "Upadhayay,R"]
[Result "1-0"]
[WhiteElo "2503"]
[BlackElo "2148"]

1.d4 Nf6 2.c4 g6 3.Nc3 Bg7 4.e4 O-O 5.Nf3 d6 6.Be2 e5 7.O-O Nc6 8.d5 Ne7
9.b4 Ne8 10.c5 f5 11.Nd2 Nf6 12.f3 f4 13.Nc4 g5 14.Ba3 Ne8 15.b5 Ng6 16.b6 cxb6
17.Nxd6 Nxd6 18.cxd6 Bd7 19.Bb5 Rc8 20.Bxd7 Qxd7 21.Qb3 g4 22.Nb5 gxf3 23.Rxf3 Nh4
24.Rf2 Bh6 25.Nc7 Rf6 26.Ne6 Bf8 27.Qh3 Rh6 28.Nxf4 Qxh3 29.Nxh3 Bxd6 30.Bxd6 Rxd6
31.Ng5 Ng6 32.Ne6 Rc4 33.Raf1 Nf4 34.Nxf4 exf4 35.Rxf4 Rd7 36.Rf8+ Kg7 37.R8f4 h5
38.g3 Rd4 39.Re1 b5 40.Kf2 b4 41.Ke3 Rc4 42.Rd1 Rc5 43.Rf2 a5 44.Rfd2 Kf6
45.Kd4 Rc3 46.e5+ Ke7 47.Rf1 Rc8 48.d6+ Ke8 49.Rdf2  1-0

[Event "ch-POL"]
[Site "Warsaw POL"]
[Date "2010.01.15"]
[Round "7"]
[White "Wojtaszek,R"]
[Black "Markowski,T"]
[Result "1/2-1/2"]
[WhiteElo "2639"]
[BlackElo "2629"]

1.d4 d6 2.Nf3 g6 3.c4 Bg7 4.Nc3 Nf6 5.e4 O-O 6.Be2 e5 7.O-O Nc6 8.d5 Ne7
9.b4 Nh5 10.Re1 a5 11.Ba3 Nf4 12.Bf1 Bg4 13.h3 Bxf3 14.Qxf3 axb4 15.Bxb4 c5
16.dxc6 Nxc6 17.a3 Ne6 18.Nb5 Ned4 19.Qd3 Nxb4 20.axb4 Qb6 21.Nxd4 exd4 22.Qb3 Bh6
23.Red1 Rxa1 24.Rxa1 Bd2 25.b5 Bc3 26.Ra2 Qc5 27.Bd3 Kg7 28.Qa3 Qxa3 29.Rxa3 Bb4
30.Ra7 Rb8 31.g3 Bc5 32.Ra2 Re8  1/2-1/2